| 000 | 00567nam a22001937a 4500 | ||
|---|---|---|---|
| 003 | OSt | ||
| 005 | 20260703132145.0 | ||
| 008 | 260703b |||||||| |||| 00| 0 eng d | ||
| 020 | _a9781934742495 | ||
| 040 | _cChuka University | ||
| 050 | _aLB 1715 .T43 2010 | ||
| 245 | _aTeaching Talent | ||
| 260 |
_aCambridge _bHarvard Education Press _c2010 |
||
| 300 | _a253pp | ||
| 650 |
_aTeachers-- training of-- United States _927707 |
||
| 650 |
_aTeachers-- Recruiting-- United States _932972 |
||
| 650 |
_aTeacher turnover-- United States _932973 |
||
| 942 |
_2lcc _cBK _n0 |
||
| 999 |
_c26099 _d26099 |
||